LEADER 01008nam a2200277 i 4500 001 000000249523 003 CaOOAMICUS 005 20190129105006.0 008 160527s2015 it u000 u ita u 013 $a228428 020 $a978-88-430-7828-8 040 $aSeMil$bita 100 1 $aInnamorati, Marco.$0(OLS)http://semarc/name/83251 245 10$aFreud /$cMarco Innamorati. 260 $aRoma :$bCarocci,$c2015. 300 $a343 p. ;$c22 cm. 490 0 $aPensatori [Carocci] ;$v40 600 14$aFreud, Sigmund <1856-1939>.$0(OLS)http://semarc/subject/641 830 0$aPensatori ;$v40.$0(OLS)http://semarc/title/38340 850 $aSeMil 852 $aSeMil$W1$xVenegono$y1$m2P VII 89$j199869$B199869$CSeMilBibl$Z2$F211389 $81 961 $aAcquisto: Città Nuova (Agente) 996 $6020$a978-88-430-7828-8$9(OLS)http://semarc/number/259675 996 $6245$aFreud$9(OLS)http://semarc/title/117468 996 $6260$aRoma :$bCarocci$9(OLS)http://semarc/publisher/31977 LEADER 01043nam a2200253 4500 001 000000340080 003 CaOOAMICUS 005 20200813094807.0 008 200403s1980 it 000 u ita r 040 $aSeMil$bita 240 10$aBhagavadg?t?.$0(OLS)http://semarc/title/152329 245 10$aBhagavad-gîtâ :$bcanto del beato /$cinterpretazione lirica italiana secondo la misura dei ritmi originali di Giulio Cogni. 250 $a2. ed. riv. e corr 264 1$aRoma :$bEdizioni Mediterranee,$c1980. 300 $a112 p. ;$c22 cm 541 0 $aFondo mons. Pasquale Macchi 700 1 $aCogni, Giulio.$0(OLS)http://semarc/name/31410 830 4$aThe best books ;$v103.$0(OLS)http://semarc/title/428995 850 $aSeMil 852 $aSeMil$W1$xVenegono$y1$m2X V 25$j251208$B231222$CSeMilBibl$Z2$F231222 $81 941 1 $a9 996 $6245$aBhagavad-gîtâ :$bcanto del beato$9(OLS)http://semarc/title/428996 996 $6264$aRoma :$bEdizioni Mediterranee$9(OLS)http://semarc/publisher/30905